Students solutions manual accompany, precalculus function and graphs and precalculus graphical, numerical, algebraic.

Bibliographic Details
Main Authors: Demana, Franklin D, Waits, Bert K, Foley, Gregory D
Format: Section = Libro
Language:Undetermined
Spanish
Published: Boston Pearson Educación 2004
Subjects:
LEADER 00734nam a2200241Ia 4500
008 240829s9999 xx 000 0 und d
020 |a 0-321-13203-3 
040 |a BIBLIOTECA-RUSB/ 515 P923 
041 |a spa 
082 |a 515 P923 
100 1 |a Demana, Franklin D 
100 1 |b  Waits, Bert K 
100 1 |c  Foley, Gregory D 
245 1 0 |a Students solutions manual accompany, precalculus function and graphs and precalculus graphical, numerical, algebraic. 
260 |a Boston  |b Pearson Educación  |c 2004 
300 |a 219 p. :il. 
650 7 |a FUNCIONES EXPONENCIALES 
650 7 |b  FUNCIONES TRIGONOMETRICAS 
650 7 |c  GEOMETRIA ANALITICA 
650 7 |d  MATEMATICAS DISCRETAS 
942 |c BK  |2 ddc 
991 |a TEXTO 
999 |c 1597